[Event "FRA-chT2 0910"]
[Site "France"]
[Date "2009.12.13"]
[Round "6.6"]
[White "Ruffenach, Alain"]
[Black "L'Hermitte, Emmanuel"]
[Result "0-1"]
[WhiteElo "2011"]
[BlackElo "2030"]
[PlyCount "70"]
[EventDate "2009.09.27"]
[EventType "team"]
[EventRounds "11"]
[EventCountry "FRA"]
[SourceDate "2009.07.26"]

1. d4 Nf6 2. Nf3 e6 3. e3 c5 4. Bd3 b6 5. O-O Bb7 6. Nbd2 Be7 7. Re1 O-O 8. e4
cxd4 9. Nxd4 d6 10. N2f3 Nbd7 11. b4 a6 12. a4 d5 13. e5 Ne4 14. Ba3 Qc7 15. b5
Bxa3 16. Rxa3 Nxe5 17. bxa6 Bxa6 18. Nxe5 Qxe5 19. Bxa6 Rxa6 20. Qd3 Qf6 21.
Nf3 Rfa8 22. Qb5 h6 23. Qc6 Qe7 24. Rb3 Qc5 25. Qb7 Qxf2+ 26. Kh1 Qc5 27. g3
Qxc2 28. Rxb6 Qf2 29. Rxe4 dxe4 30. Rxa6 Qf1+ 31. Ng1 Qxa6 32. Qxe4 Qxa4 33.
Qf3 Qa1 34. Kg2 Ra2+ 35. Ne2 Qe1 0-1

[Event "FRA-chT2 0910"]
[Site "France"]
[Date "2009.12.13"]
[Round "6.2"]
[White "Moldovan, Daniel"]
[Black "Becker, Thomas"]
[Result "1-0"]
[WhiteElo "2437"]
[BlackElo "2169"]
[PlyCount "63"]
[EventDate "2009.09.27"]
[EventType "team"]
[EventRounds "11"]
[EventCountry "FRA"]
[SourceDate "2009.07.26"]

1. e4 g6 2. d4 Bg7 3. Nf3 d6 4. Be2 Bg4 5. O-O Nf6 6. h3 Bxf3 7. Bxf3 c6 8. Re1
O-O 9. Nd2 Nbd7 10. c3 Qc7 11. Qc2 c5 12. d5 c4 13. Be2 b5 14. Bf1 e6 15. dxe6
fxe6 16. Nf3 Nc5 17. Bg5 Qb7 18. Bxf6 Bxf6 19. Rad1 d5 20. exd5 exd5 21. Nd4
Rae8 22. Rxe8 Rxe8 23. Nf3 Ne4 24. g3 Bd8 25. Bg2 Bb6 26. Nd4 Kg7 27. Bxe4 Rxe4
28. Nxb5 Bxf2+ 29. Qxf2 Qxb5 30. Qxa7+ Kh6 31. Qf2 Qa4 32. Qf8+ 1-0

[Event "FRA-chT2 0910"]
[Site "France"]
[Date "2009.12.13"]
[Round "6.3"]
[White "Mayer, Jean Marc"]
[Black "Shchekachev, Andrei"]
[Result "0-1"]
[WhiteElo "2223"]
[BlackElo "2546"]
[PlyCount "42"]
[EventDate "2009.09.27"]
[EventType "team"]
[EventRounds "11"]
[EventCountry "FRA"]
[SourceDate "2009.07.26"]
[BlackTeam "Meaux"]

1. d4 Nf6 2. c4 e6 3. g3 d5 4. Bg2 Bb4+ 5. Bd2 a5 6. Nf3 dxc4 7. O-O Nc6 8. Bc3
O-O 9. Nbd2 Bxc3 10. bxc3 Nd5 11. Qc2 b5 12. a4 b4 13. Nxc4 Nxc3 14. Ng5 Qxg5
15. Bxc6 Ba6 16. h4 Qf6 17. Bxa8 Rxa8 18. Ne5 Nxe2+ 19. Kh2 Nxd4 20. Qe4 Rd8
21. Rad1 Bxf1 0-1

[Event "FRA-chT2 0910"]
[Site "France"]
[Date "2009.12.13"]
[Round "6.4"]
[White "Okhotnik, Vladimir"]
[Black "Schmidt, Martin"]
[Result "1-0"]
[WhiteElo "2447"]
[BlackElo "2004"]
[PlyCount "65"]
[EventDate "2009.09.27"]
[EventType "team"]
[EventRounds "11"]
[EventCountry "FRA"]
[SourceDate "2009.07.26"]
[WhiteTeam "Meaux"]

1. e4 e5 2. Nf3 Nc6 3. Bc4 Nf6 4. d4 exd4 5. e5 d5 6. Bb5 Ne4 7. Nxd4 Bd7 8.
Bxc6 bxc6 9. Nb3 g6 10. O-O Bg7 11. f3 Ng5 12. Nc3 O-O 13. f4 Ne6 14. Nd2 f6
15. Nf3 Qe7 16. Re1 Rad8 17. Qe2 fxe5 18. fxe5 d4 19. Ne4 Rf5 20. Ng3 Rf7 21.
Qe4 c5 22. Bd2 Bb5 23. b3 Qd7 24. Qh4 Qd5 25. Ne4 Bxe5 26. Nxe5 Qxe5 27. Nf2
Qf5 28. Ng4 Kh8 29. Nh6 g5 30. Nxf7+ Qxf7 31. Bxg5 Rf8 32. Be7 Re8 33. Rxe6 1-0

[Event "FRA-chT2 0910"]
[Site "France"]
[Date "2009.12.13"]
[Round "6.5"]
[White "Kreuscher, Wolfgang"]
[Black "Luce, Sebastien"]
[Result "1/2-1/2"]
[WhiteElo "2038"]
[BlackElo "2331"]
[PlyCount "68"]
[EventDate "2009.09.27"]
[EventType "team"]
[EventRounds "11"]
[EventCountry "FRA"]
[SourceDate "2009.07.26"]

1. e4 d6 2. d4 Nf6 3. Nc3 c6 4. g3 Nbd7 5. Bg2 e5 6. Nge2 Be7 7. O-O b5 8. a3
Bb7 9. b3 O-O 10. Bb2 Re8 11. Qd2 Bf8 12. Kh1 a5 13. f3 Qc7 14. a4 b4 15. Nd1
c5 16. dxe5 dxe5 17. c4 Nb8 18. Ne3 Nc6 19. Rac1 Nd4 20. Bxd4 exd4 21. Nd5 Qd8
22. Nef4 Nd7 23. Nd3 Ne5 24. Nxe5 Rxe5 25. f4 Re8 26. e5 Ra7 27. Rce1 Qb8 28.
Qe2 Bc8 29. Qh5 Kh8 30. Be4 h6 31. Kg1 Be6 32. Re2 g6 33. Qf3 Bg7 34. g4 Bc8
1/2-1/2

[Event "FRA-chT2 0910"]
[Site "France"]
[Date "2009.12.13"]
[Round "6.6"]
[White "Faby, Fabrice"]
[Black "Mourot, Clara"]
[Result "1-0"]
[WhiteElo "2136"]
[BlackElo "1980"]
[PlyCount "77"]
[EventDate "2009.09.27"]
[EventType "team"]
[EventRounds "11"]
[EventCountry "FRA"]
[SourceDate "2009.07.26"]

1. c4 f5 2. g3 Nf6 3. Bg2 e6 4. Nc3 d5 5. cxd5 exd5 6. Nf3 c6 7. e3 Bd6 8. O-O
O-O 9. a3 Nbd7 10. b4 Ne5 11. d3 a6 12. Bb2 Nfg4 13. Na4 Rf6 14. Bxe5 Nxe5 15.
Nxe5 Bxe5 16. d4 Bc7 17. Nc5 Rh6 18. f4 g5 19. Re1 Qf6 20. Rc1 Bd6 21. Qd3 Rb8
22. Qc3 Be6 23. a4 Bxc5 24. Qxc5 g4 25. Re2 Re8 26. Qb6 Qf7 27. b5 Qh5 28. bxc6
Qxh2+ 29. Kf1 bxc6 30. Rxc6 Qxg3 31. Qc7 Rh2 32. Rxe6 Rxe6 33. Qc8+ Kf7 34.
Qd7+ Kf6 35. Qxd5 Rxe3 36. Qd8+ Kg7 37. Qg5+ Kh8 38. Qf6+ Kg8 39. Bd5+ 1-0

[Event "FRA-chT2 0910"]
[Site "France"]
[Date "2009.12.13"]
[Round "6.1"]
[White "Schwalfenberg, Joerg"]
[Black "Serafimov, Tervel"]
[Result "1/2-1/2"]
[WhiteElo "2329"]
[BlackElo "2415"]
[PlyCount "27"]
[EventDate "2009.09.27"]
[EventType "team"]
[EventRounds "11"]
[EventCountry "FRA"]
[SourceDate "2009.07.26"]

1. d4 d5 2. Nf3 Nf6 3. c4 e6 4. e3 Be7 5. Nc3 O-O 6. Bd3 b6 7. O-O Bb7 8. Qc2
c5 9. dxc5 bxc5 10. Rd1 Nbd7 11. Be2 a6 12. b3 dxc4 13. bxc4 Qc7 14. h3 1/2-1/2

[Event "FRA-chT2 0910"]
[Site "France"]
[Date "2009.12.13"]
[Round "6.3"]
[White "Mohebbi, Jaffar"]
[Black "Serafimov, Dimitar"]
[Result "0-1"]
[WhiteElo "2327"]
[BlackElo "2222"]
[PlyCount "84"]
[EventDate "2009.09.27"]
[EventType "team"]
[EventRounds "11"]
[EventCountry "FRA"]
[SourceDate "2009.07.26"]

1. d4 d5 2. Nf3 e6 3. c4 b6 4. g3 Bb7 5. Bg2 Nf6 6. Ne5 Be7 7. Qa4+ Nfd7 8. Nc3
O-O 9. Nxd7 Bc6 10. Qc2 Qxd7 11. cxd5 exd5 12. O-O Bb7 13. Rd1 Na6 14. a3 c6
15. Bf4 Rac8 16. Rac1 g5 17. Be3 Nc7 18. b4 b5 19. f4 Rce8 20. Rd3 g4 21. f5
Qxf5 22. Bh6 Qg6 23. Bxf8 Bxf8 24. e3 Bc8 25. Nd1 Bf5 26. Qxc6 Bxd3 27. Qxg6+
hxg6 28. Rxc7 Bc4 29. Rd7 Rc8 30. e4 dxe4 31. Bxe4 Be6 32. Rxa7 Rc1 33. Kf2
Rxd1 34. Ke2 Rxd4 35. Bc6 Bc4+ 36. Ke3 Rd6 37. Rc7 Rd3+ 38. Kf2 Rxa3 39. Rc8
Kg7 40. Rb8 Bxb4 41. Bxb5 Bc5+ 42. Ke1 Rb3 0-1

[Event "FRA-chT2 0910"]
[Site "France"]
[Date "2009.12.13"]
[Round "6.4"]
[White "Mathis, Julien"]
[Black "Becht, Lucas"]
[Result "1/2-1/2"]
[WhiteElo "1986"]
[BlackElo "2258"]
[PlyCount "84"]
[EventDate "2009.09.27"]
[EventType "team"]
[EventRounds "11"]
[EventCountry "FRA"]
[SourceDate "2009.07.26"]

1. c4 Nf6 2. g3 c5 3. Bg2 d5 4. cxd5 Nxd5 5. Nc3 Nc7 6. Qa4+ Qd7 7. Nf3 Nc6 8.
O-O Rb8 9. a3 e5 10. d3 b5 11. Qc2 Be7 12. Ne4 Ne6 13. Be3 Ncd4 14. Bxd4 Nxd4
15. Nxd4 Qxd4 16. e3 Qa4 17. b3 Qa5 18. Nxc5 O-O 19. b4 Qb6 20. Rac1 Be6 21.
Nxe6 Qxe6 22. Qc7 a5 23. Rc6 Rfc8 24. Rxe6 Rxc7 25. Rxe5 axb4 26. axb4 Bxb4 27.
Rb1 Rc5 28. Rxc5 Bxc5 29. Bd5 Kf8 30. Rc1 Be7 31. Bb7 Bd6 32. Rc8+ Rxc8 33.
Bxc8 b4 34. d4 g6 35. Ba6 Ke7 36. Bc4 f5 37. f3 Bc7 38. Kf2 h5 39. h3 g5 40. g4
hxg4 41. hxg4 f4 42. exf4 Bxf4 1/2-1/2

[Event "FRA-chT2 0910"]
[Site "France"]
[Date "2009.12.13"]
[Round "6.5"]
[White "Marzolf, Bruno"]
[Black "Borni, Jean Bernard"]
[Result "1-0"]
[WhiteElo "2243"]
[BlackElo "2029"]
[PlyCount "55"]
[EventDate "2009.09.27"]
[EventType "team"]
[EventRounds "11"]
[EventCountry "FRA"]
[SourceDate "2009.07.26"]

1. e4 c5 2. Nc3 Nc6 3. Bb5 Nd4 4. Bc4 e6 5. Nf3 a6 6. d3 Ne7 7. O-O Nec6 8.
Nxd4 cxd4 9. Ne2 Bc5 10. Ng3 O-O 11. Qh5 Be7 12. f4 b5 13. Bb3 Na5 14. Bd2 Nxb3
15. axb3 g6 16. Qh6 d5 17. f5 Bf6 18. fxg6 fxg6 19. Bb4 Be7 20. Bxe7 Qxe7 21.
Rxf8+ Qxf8 22. Qg5 Bb7 23. Nh5 dxe4 24. dxe4 Qd8 25. Nf6+ Kg7 26. Rf1 Qd6 27.
Qh4 h6 28. Ng4 1-0

[Event "FRA-chT2 0910"]
[Site "France"]
[Date "2009.12.13"]
[Round "6.6"]
[White "Bureau, Frederic"]
[Black "Engelmann, Herve"]
[Result "1/2-1/2"]
[WhiteElo "2061"]
[BlackElo "2087"]
[PlyCount "91"]
[EventDate "2009.09.27"]
[EventType "team"]
[EventRounds "11"]
[EventCountry "FRA"]
[SourceDate "2009.07.26"]

1. d4 d5 2. c4 c6 3. Nc3 Nf6 4. Nf3 e6 5. Bg5 dxc4 6. e3 b5 7. a4 Bb4 8. Be2
Bb7 9. O-O a6 10. Ne5 Be7 11. Bf3 Qc7 12. b3 b4 13. Ne2 c3 14. a5 Nbd7 15. Nc4
Nd5 16. Bxe7 Nxe7 17. Ra4 O-O 18. Rxb4 Nd5 19. Bxd5 cxd5 20. Nb6 Qd6 21. Nxd7
Qxb4 22. Nxf8 Rxf8 23. Qc2 Qxa5 24. Qxc3 Qb5 25. Qb2 Rc8 26. Rc1 Rxc1+ 27. Nxc1
a5 28. Qd2 Ba6 29. h3 h6 30. Kh2 Qb8+ 31. Kg1 Qc7 32. Nd3 Bxd3 33. Qxd3 Qc1+
34. Kh2 Qb2 35. Kg1 g6 36. g3 Kg7 37. Kg2 Qa3 38. Qb5 h5 39. h4 Qb4 40. Qxb4
axb4 41. Kf3 f6 42. e4 g5 43. Ke3 Kg6 44. f3 f5 45. exd5 exd5 46. f4 1/2-1/2

[Event "FRA-chT2 0910"]
[Site "France"]
[Date "2009.12.13"]
[Round "6.7"]
[White "Criqui, Laurence"]
[Black "Joguet, Boris"]
[Result "0-1"]
[WhiteElo "1636"]
[BlackElo "2089"]
[PlyCount "72"]
[EventDate "2009.09.27"]
[EventType "team"]
[EventRounds "11"]
[EventCountry "FRA"]
[SourceDate "2009.07.26"]

1. e4 Nf6 2. e5 Nd5 3. c4 Nb6 4. d4 d6 5. exd6 Qxd6 6. c5 Qe6+ 7. Qe2 Nd5 8.
Nc3 Qxe2+ 9. Bxe2 Nb4 10. Kd2 Bf5 11. Nb5 N8a6 12. Bd1 c6 13. Nc3 O-O-O 14. Nf3
Nxc5 15. Ke3 Ncd3 16. a3 g6 17. Ke2 Nxc1+ 18. Rxc1 Nd3 19. Bc2 Nxc1+ 20. Rxc1
Bh6 21. Bxf5+ gxf5 22. Rc2 Rhg8 23. g3 Bg7 24. Rd2 Bf6 25. Rd3 Rg4 26. Ke3 Bg5+
27. Ke2 Bc1 28. Nd1 Re4+ 29. Kf1 Kc7 30. Rc3 Bh6 31. Rd3 Bg7 32. Nc3 Rg4 33.
Ne2 e5 34. h3 e4 35. hxg4 exd3 36. Nf4 fxg4 0-1

[Event "FRA-chT2 0910"]
[Site "France"]
[Date "2009.12.13"]
[Round "6.8"]
[White "Joguet, Myriam"]
[Black "Becht, Pierre"]
[Result "1-0"]
[WhiteElo "1770"]
[BlackElo "1499"]
[PlyCount "41"]
[EventDate "2009.09.27"]
[EventType "team"]
[EventRounds "11"]
[EventCountry "FRA"]
[SourceDate "2009.07.26"]

1. Nf3 d5 2. d4 Nc6 3. Bf4 f6 4. e3 Bf5 5. c3 Bg4 6. Be2 Qd7 7. Nbd2 e6 8. h3
Bf5 9. Nb3 b6 10. Bd3 Nge7 11. Qc2 Qc8 12. O-O g5 13. Bxf5 Nxf5 14. Bh2 Bd6 15.
e4 Nh4 16. Nxh4 Rg8 17. Nf3 Bf4 18. exd5 exd5 19. Qxh7 Ne7 20. Rae1 Qd7 21.
Qxg8# 1-0

[Event "FRA-chT2 0910"]
[Site "France"]
[Date "2009.12.13"]
[Round "6.1"]
[White "Pytel, Krzysztof"]
[Black "Sulskis, Sarunas"]
[Result "0-1"]
[WhiteElo "2380"]
[BlackElo "2591"]
[PlyCount "54"]
[EventDate "2009.09.27"]
[EventType "team"]
[EventRounds "11"]
[EventCountry "FRA"]
[SourceDate "2009.07.26"]
[WhiteTeam "Livry Gargan"]

1. d4 Nf6 2. Nf3 d5 3. e3 Bf5 4. Bd3 e6 5. Bxf5 exf5 6. Qd3 Qc8 7. c4 Nc6 8. b3
Bb4+ 9. Bd2 O-O 10. a3 Bd6 11. Nc3 a6 12. O-O Re8 13. Nxd5 Nxd5 14. cxd5 Ne7
15. Ne5 Nxd5 16. Nc4 Qe6 17. Rfe1 Rad8 18. f3 Bf8 19. Qc2 g6 20. Rad1 b5 21.
Na5 Bxa3 22. Nb7 Rf8 23. e4 fxe4 24. fxe4 Nf6 25. Bg5 Nxe4 26. Qxc7 Qd5 27. Re3
Rc8 0-1

[Event "FRA-chT2 0910"]
[Site "France"]
[Date "2009.12.13"]
[Round "6.2"]
[White "Chernov, Vadim"]
[Black "Onkoud, Abdelaziz"]
[Result "1-0"]
[WhiteElo "2438"]
[BlackElo "2377"]
[PlyCount "59"]
[EventDate "2009.09.27"]
[EventType "team"]
[EventRounds "11"]
[EventCountry "FRA"]
[SourceDate "2009.07.26"]

1. e4 c5 2. Nc3 d6 3. f4 Nc6 4. Nf3 g6 5. Bb5 Bd7 6. O-O Bg7 7. d3 Nd4 8. Bxd7+
Qxd7 9. Nxd4 cxd4 10. Ne2 Rc8 11. c3 dxc3 12. Nxc3 Nf6 13. f5 O-O 14. Bg5 b5
15. Qb3 a6 16. Kh1 e6 17. Rf3 h6 18. Bxf6 Bxf6 19. Raf1 Kg7 20. Ne2 d5 21. e5
Bxe5 22. f6+ Kh7 23. d4 Bd6 24. Rh3 Rh8 25. Rxh6+ Kg8 26. Rxh8+ Kxh8 27. Qe3
Kg8 28. Rf3 Kf8 29. Rh3 Ke8 30. Rh8+ 1-0

[Event "FRA-chT2 0910"]
[Site "France"]
[Date "2009.12.13"]
[Round "6.4"]
[White "Taddei, Benoit"]
[Black "Eusebe, Aurelien"]
[Result "1-0"]
[WhiteElo "2280"]
[BlackElo "2239"]
[PlyCount "78"]
[EventDate "2009.09.27"]
[EventType "team"]
[EventRounds "11"]
[EventCountry "FRA"]
[SourceDate "2009.07.26"]

1. e4 c5 2. Nf3 Nc6 3. d4 cxd4 4. Nxd4 g6 5. c4 Nf6 6. Nc3 d6 7. Nc2 Bg7 8. Be2
O-O 9. O-O Nd7 10. Bd2 b6 11. Rc1 Bb7 12. b4 a6 13. a3 e6 14. Na1 Nd4 15. Bd3
f5 16. f3 f4 17. Be1 Rc8 18. Bf2 Kh8 19. Nb3 Nc6 20. Be2 Nce5 21. Nd4 Qe7 22.
Qb3 Rfe8 23. Na4 g5 24. h3 h5 25. Rfe1 Bf6 26. Rc3 Kg7 27. Rec1 Kf7 28. c5 dxc5
29. bxc5 Nxc5 30. Nxc5 Rxc5 31. Rxc5 bxc5 32. Nf5 Qd7 33. Rd1 Bd5 34. exd5 exf5
35. Bxc5 Ng4 36. fxg4 Rxe2 37. gxh5 g4 38. hxg4 fxg4 39. Qd3 f3 1-0

[Event "FRA-chT2 0910"]
[Site "France"]
[Date "2009.12.13"]
[Round "6.6"]
[White "Hartmann, Dominique"]
[Black "Blum, Gary"]
[Result "1/2-1/2"]
[WhiteElo "1996"]
[BlackElo "2079"]
[PlyCount "91"]
[EventDate "2009.09.27"]
[EventType "team"]
[EventRounds "11"]
[EventCountry "FRA"]
[SourceDate "2009.07.26"]

1. Nf3 Nf6 2. g3 g6 3. b4 Bg7 4. Bb2 O-O 5. c4 d6 6. Bg2 c6 7. O-O e5 8. d3 Qe7
9. Nc3 Nh5 10. b5 f5 11. e3 Be6 12. Nd2 Rd8 13. Qb3 g5 14. Rab1 Qf7 15. Ba1 d5
16. bxc6 bxc6 17. cxd5 cxd5 18. Qb7 Qxb7 19. Rxb7 Nc6 20. Nb5 e4 21. Bxg7 Nxg7
22. Nc7 Rab8 23. Rfb1 Rxb7 24. Rxb7 Rd7 25. dxe4 dxe4 26. Nxe4 fxe4 27. Bxe4
Ne8 28. Bxc6 Rxc7 29. Rxc7 Nxc7 30. a3 Kf7 31. f4 gxf4 32. exf4 a6 33. Kf2 Nb5
34. a4 Nc3 35. Ke3 Ke7 36. a5 Kd6 37. Bb7 Nd5+ 38. Ke4 Nb4 39. f5 Bd5+ 40. Bxd5
Nxd5 41. g4 Nb4 42. g5 Nc6 43. h4 Nxa5 44. h5 Ke7 45. Kd5 Nb7 46. h6 1/2-1/2

[Event "FRA-chT2 0910"]
[Site "France"]
[Date "2009.12.13"]
[Round "6.7"]
[White "Loukili, Abdelillah"]
[Black "Kirsch, Bernard"]
[Result "0-1"]
[WhiteElo "2109"]
[BlackElo "2093"]
[PlyCount "66"]
[EventDate "2009.09.27"]
[EventType "team"]
[EventRounds "11"]
[EventCountry "FRA"]
[SourceDate "2009.07.26"]

1. d4 Nf6 2. Nf3 c5 3. d5 g6 4. c4 Bg7 5. Nc3 d6 6. e4 e6 7. Be2 exd5 8. exd5
O-O 9. O-O Re8 10. Bd3 Bg4 11. h3 Bxf3 12. Qxf3 Nbd7 13. Bf4 Ne5 14. Qd1 Nh5
15. Bh2 Qh4 16. Be2 Nf4 17. Bxf4 Qxf4 18. g3 Qf5 19. Kg2 a6 20. f4 Nxc4 21.
Bxc4 Bxc3 22. Rf3 Bd4 23. a4 Re7 24. Rb1 h5 25. Qd3 Qf6 26. b4 cxb4 27. Rxb4
Rae8 28. Qb3 Bc5 29. Qb2 Qf5 30. Rbb3 Qe4 31. Qc1 Qd4 32. Rf1 Re1 33. Qc2 Rxf1
0-1

[Event "FRA-chT2 0910"]
[Site "France"]
[Date "2009.12.13"]
[Round "6.8"]
[White "Monpeurt, Cyrielle"]
[Black "Afraoui, Solenn"]
[Result "0-1"]
[WhiteElo "1827"]
[BlackElo "1817"]
[PlyCount "96"]
[EventDate "2009.09.27"]
[EventType "team"]
[EventRounds "11"]
[EventCountry "FRA"]
[SourceDate "2009.07.26"]

1. e4 c5 2. Nf3 d6 3. d4 cxd4 4. Nxd4 Nf6 5. Nc3 g6 6. Be3 Bg7 7. f3 O-O 8. Qd2
Nc6 9. O-O-O Bd7 10. h4 h5 11. Be2 Re8 12. Rdg1 Ne5 13. Bh6 Rc8 14. Bxg7 Kxg7
15. g4 hxg4 16. h5 Rh8 17. fxg4 Nfxg4 18. Bxg4 Nxg4 19. Qg5 e5 20. Nf3 Qxg5+
21. Nxg5 Rxh5 22. Rxh5 gxh5 23. Nd5 f6 24. Nf3 Be6 25. Nc3 a6 26. Rh1 Kh6 27.
Rd1 Rc6 28. a3 f5 29. Nd2 Ne3 30. Re1 f4 31. Nf1 Nxf1 32. Rxf1 Rc7 33. Rd1 Rd7
34. Rd2 h4 35. Ne2 d5 36. exd5 Rxd5 37. Ng1 Rxd2 38. Kxd2 h3 39. Nf3 e4 40. Nh2
Kg5 41. Ke2 Bc4+ 42. Ke1 Kh4 43. b3 Bd5 44. c4 Bc6 45. Nf1 e3 46. Ke2 Bg2 47.
Nh2 Kg3 48. Nf1+ Bxf1+ 0-1

[Event "FRA-chT2 0910"]
[Site "France"]
[Date "2009.12.13"]
[Round "6.1"]
[White "Rusev, Krasimir"]
[Black "Anka, Emil"]
[Result "1/2-1/2"]
[WhiteElo "2537"]
[BlackElo "2390"]
[PlyCount "32"]
[EventDate "2009.09.27"]
[EventType "team"]
[EventRounds "11"]
[EventCountry "FRA"]
[SourceDate "2009.07.26"]
[BlackTeam "Mundolsheim"]

1. d4 Nf6 2. Nf3 g6 3. c4 Bg7 4. Nc3 d6 5. h3 O-O 6. e4 c5 7. d5 e6 8. Bd3 exd5
9. exd5 Re8+ 10. Be3 Bh6 11. O-O Bxe3 12. fxe3 Qe7 13. e4 Nbd7 14. Qd2 Ne5 15.
Nxe5 Qxe5 16. Qf4 Kg7 1/2-1/2

[Event "FRA-chT2 0910"]
[Site "France"]
[Date "2009.12.13"]
[Round "6.2"]
[White "Vicol, Dorian"]
[Black "Schmitt, Fabien"]
[Result "1-0"]
[WhiteElo "2373"]
[BlackElo "2145"]
[PlyCount "47"]
[EventDate "2009.09.27"]
[EventType "team"]
[EventRounds "11"]
[EventCountry "FRA"]
[SourceDate "2009.07.26"]
[WhiteTeam "Mundolsheim"]

1. e4 c5 2. Nf3 e6 3. d4 cxd4 4. Nxd4 Nf6 5. Nc3 d6 6. Be2 a6 7. Be3 Nc6 8. Qd2
Qc7 9. f4 Be7 10. O-O-O Bd7 11. g4 O-O-O 12. g5 Ne8 13. Nb3 Na5 14. Kb1 Nxb3
15. cxb3 Bc6 16. Nd5 Bxd5 17. exd5 Kd7 18. Rc1 Qb8 19. Bb6 Rc8 20. Rxc8 Qxc8
21. Rc1 Qb8 22. Qb4 Bd8 23. Bxd8 Kxd8 24. Bxa6 1-0

[Event "FRA-chT2 0910"]
[Site "France"]
[Date "2009.12.13"]
[Round "6.3"]
[White "Graeber, Fabien"]
[Black "Peter, Sebastien"]
[Result "1/2-1/2"]
[WhiteElo "2124"]
[BlackElo "2233"]
[PlyCount "62"]
[EventDate "2009.09.27"]
[EventType "team"]
[EventRounds "11"]
[EventCountry "FRA"]
[SourceDate "2009.07.26"]

1. c4 Nf6 2. Nf3 e6 3. Nc3 Bb4 4. Qc2 O-O 5. g3 b6 6. Bg2 Bb7 7. O-O d6 8. d3
Nbd7 9. e4 Bxc3 10. Qxc3 Re8 11. h3 Qe7 12. Re1 Qf8 13. Bd2 e5 14. b4 a5 15. a3
axb4 16. axb4 Rxa1 17. Rxa1 Ra8 18. Ra3 Qb8 19. Qa1 Nf8 20. Rxa8 Qxa8 21. Qxa8
Bxa8 22. h4 Bc6 23. b5 Bd7 24. Ne1 Ne6 25. Bh3 Nc5 26. Bxd7 Nfxd7 27. Kf1 g6
28. Ke2 f5 29. f3 Nf8 30. Nc2 Nfe6 31. Be3 Nb3 1/2-1/2

[Event "FRA-chT2 0910"]
[Site "France"]
[Date "2009.12.13"]
[Round "6.5"]
[White "Montavon, Gerard"]
[Black "Hoffmann, Regis"]
[Result "0-1"]
[WhiteElo "2069"]
[BlackElo "2115"]
[PlyCount "54"]
[EventDate "2009.09.27"]
[EventType "team"]
[EventRounds "11"]
[EventCountry "FRA"]
[SourceDate "2009.07.26"]

1. e4 g6 2. d4 Bg7 3. Be3 d6 4. Nc3 a6 5. Qd2 Nd7 6. f4 b5 7. Nge2 Bb7 8. a3
Ngf6 9. e5 Ng4 10. Bg1 c5 11. exd6 cxd4 12. Bxd4 e5 13. Bg1 O-O 14. h3 Qh4+ 15.
g3 Qh6 16. Nd5 Bxd5 17. Qxd5 Ngf6 18. Qd3 exf4 19. Nxf4 Rfe8+ 20. Be2 Ne5 21.
Qb3 Nc4 22. O-O-O Rxe2 23. d7 Nxd7 24. Rxd7 Re1+ 25. Rd1 Bxb2+ 26. Kb1 Rxd1+
27. Ka2 Ra1# 0-1

[Event "FRA-chT2 0910"]
[Site "France"]
[Date "2009.12.13"]
[Round "6.6"]
[White "Duchateau, Thomas"]
[Black "Viennot, Dylan"]
[Result "1-0"]
[WhiteElo "2147"]
[BlackElo "1939"]
[PlyCount "87"]
[EventDate "2009.09.27"]
[EventType "team"]
[EventRounds "11"]
[EventCountry "FRA"]
[SourceDate "2009.07.26"]

1. d4 Nf6 2. c4 g6 3. Nc3 Bg7 4. e4 d6 5. h3 O-O 6. Bg5 Nbd7 7. Bd3 c5 8. d5 h6
9. Be3 e6 10. Nf3 a6 11. a4 b6 12. Qd2 Kh7 13. O-O e5 14. g4 Ne8 15. Kg2 Nc7
16. Rh1 Rb8 17. Qe2 Qe8 18. Nd2 Nf6 19. f3 Ng8 20. Nf1 Ne7 21. h4 f5 22. exf5
gxf5 23. Qc2 Kh8 24. g5 b5 25. axb5 axb5 26. gxh6 Qg6+ 27. Kf2 Bxh6 28. Bg5 Qh7
29. Ne3 e4 30. Nxe4 fxe4 31. Bxe4 Qg7 32. Ra7 bxc4 33. Bxh6 Qxh6 34. Rxc7 Qf6
35. Nxc4 Ba6 36. Qc3 Bxc4 37. Qxf6+ Rxf6 38. Rxe7 Rxb2+ 39. Kg3 Rd2 40. Rb1 Rf8
41. Rh7+ Kg8 42. Rbb7 Rd8 43. Rhg7+ Kh8 44. Rg5 1-0

[Event "FRA-chT2 0910"]
[Site "France"]
[Date "2009.12.13"]
[Round "6.7"]
[White "Neuhauser, Salome"]
[Black "Fuhr, Maurice"]
[Result "1-0"]
[WhiteElo "2025"]
[BlackElo "1882"]
[PlyCount "57"]
[EventDate "2009.09.27"]
[EventType "team"]
[EventRounds "11"]
[EventCountry "FRA"]
[SourceDate "2009.07.26"]

1. e4 e5 2. Nf3 Nc6 3. Bc4 Bc5 4. c3 Nf6 5. d4 exd4 6. e5 Ne4 7. cxd4 Bb4+ 8.
Bd2 Nxd2 9. Nbxd2 d6 10. O-O O-O 11. a3 Bxd2 12. Qxd2 dxe5 13. d5 e4 14. Ng5
Ne5 15. Ba2 Re8 16. Nxe4 Qh4 17. Rfe1 Bf5 18. Ng3 Bg6 19. Qc3 Nd3 20. Rxe8+
Rxe8 21. Rd1 Nf4 22. Qxc7 Qg4 23. Rf1 h5 24. d6 Qg5 25. d7 Rf8 26. Re1 h4 27.
Re8 hxg3 28. Rxf8+ Kh7 29. Rh8+ 1-0

[Event "FRA-chT2 0910"]
[Site "France"]
[Date "2010.01.24"]
[Round "7.1"]
[White "Serafimov, Tervel"]
[Black "Bricard, Emmanuel"]
[Result "0-1"]
[WhiteElo "2432"]
[BlackElo "2484"]
[PlyCount "47"]
[EventDate "2009.09.27"]
[EventType "team"]
[EventRounds "11"]
[EventCountry "FRA"]
[SourceDate "2009.07.26"]

1. c4 f5 2. g3 Nf6 3. Bg2 e5 4. d4 Bb4+ 5. Nc3 exd4 6. Qxd4 O-O 7. Nf3 Nc6 8.
Qd3 Ne4 9. Bd2 Nxd2 10. Qxd2 Qf6 11. Rc1 d6 12. a3 Bxc3 13. Rxc3 f4 14. gxf4
Qxf4 15. Qxf4 Rxf4 16. Ng5 h6 17. Bd5+ Kh8 18. Nf7+ Kh7 19. Rg1 Ne7 20. Rcg3 g6
21. Nd8 c6 22. Rf3 Rxf3 23. Bxf3 Kg7 24. Bh1 0-1

[Event "FRA-chT2 0910"]
[Site "France"]
[Date "2010.01.24"]
[Round "7.2"]
[White "Hassler, Franck"]
[Black "Serafimov, Dimitar"]
[Result "0-1"]
[WhiteElo "2228"]
[BlackElo "2267"]
[PlyCount "29"]
[EventDate "2009.09.27"]
[EventType "team"]
[EventRounds "11"]
[EventCountry "FRA"]
[SourceDate "2009.07.26"]

1. d4 d5 2. Nf3 e6 3. e3 Nf6 4. c4 Be7 5. a3 b6 6. b4 dxc4 7. Bxc4 O-O 8. O-O
Nbd7 9. Bb2 Bb7 10. Nbd2 c5 11. dxc5 bxc5 12. b5 Nb6 13. Be2 Qd5 14. a4 Rad8
15. a5 {suite illisible} 0-1

[Event "FRA-chT2 0910"]
[Site "France"]
[Date "2010.01.24"]
[Round "7.3"]
[White "Joguet, Boris"]
[Black "Schmitt, Fabien"]
[Result "1/2-1/2"]
[WhiteElo "2094"]
[BlackElo "2138"]
[PlyCount "28"]
[EventDate "2009.09.27"]
[EventType "team"]
[EventRounds "11"]
[EventCountry "FRA"]
[SourceDate "2009.07.26"]

1. d4 d5 2. Nf3 Nf6 3. e3 e6 4. Bd3 Bd6 5. O-O O-O 6. c3 b6 7. Nbd2 Bb7 8. Qc2
Nbd7 9. e4 e5 10. Re1 dxe4 11. Nxe4 Nxe4 12. Bxe4 Bxe4 13. Qxe4 exd4 14. Qxd4
Qf6 1/2-1/2